Tratamiento de aguas industriales: aguas de proceso y residuales
Salvato in:
| Autore principale: | |
|---|---|
| Natura: | Libro |
| Lingua: | spagnolo |
| Pubblicazione: |
Ciudad de México
Alfaomega
1999
|
| Serie: | Colección Prodúctica, 27
|
| Soggetti: | |
| Tags: |
Aggiungi Tag
Nessun Tag, puoi essere il primo ad aggiungerne!!
|
MARC
| LEADER | 00000nam a2200000 a 4500 | ||
|---|---|---|---|
| 001 | UCO1947 | ||
| 003 | CL-VaPUC | ||
| 008 | 000525e19990000MX |||||||||||||||||spa|d | ||
| 020 | |a 8426707408 | ||
| 082 | 0 | 4 | |a 628.3 |b RIG |2 21 |
| 100 | 0 | |a Rigola Lapeña, Miguel |e author |9 444499 | |
| 245 | 1 | 0 | |a Tratamiento de aguas industriales: aguas de proceso y residuales |
| 300 | |a 157 p | ||
| 942 | |c BK | ||
| 945 | |d 20000525 00:00:00 |a vberengu | ||
| 260 | |a Ciudad de México |b Alfaomega |c 1999 | ||
| 650 | 0 | |a Calidad del agua |9 261394 | |
| 650 | 0 | |a Química del agua |9 261152 | |
| 650 | 0 | |a Residuos industriales |9 261421 | |
| 650 | 0 | |a Aguas residuales |9 262614 | |
| 650 | 0 | |a Tratamiento del agua |9 262889 | |
| 583 | |a last modification |c 20161003 11:32:29 |k Rodrigo Vera | ||
| 490 | 0 | |a Colección Prodúctica, 27 | |
| 999 | |c 288497 |d 288495 | ||
| 952 | |0 0 |1 0 |4 0 |6 628_300000000000000_RIG_1999 |7 0 |8 A |9 336189 |a BIBING |b BIBING |d 2019-11-20 |i 3624471 |o 628.3 RIG 1999 |p 3624471 |r 2025-01-20 |w 2019-11-20 |y BK |k EIB | ||
| 952 | |0 0 |1 0 |4 0 |6 628_300000000000000_RIG_1999 |7 0 |8 A |9 336190 |a BIBCUR |b BIBCUR |d 2019-11-20 |i 3796825 |o 628.3 RIG 1999 |p 3796825 |r 2025-04-22 |w 2019-11-20 |y BK |k QUI | ||
| 952 | |0 0 |1 0 |4 0 |6 628_300000000000000_RIG_1999 |7 0 |8 A |9 336191 |a BIBMEC |b BIBMEC |d 2019-11-20 |i 3832562 |o 628.3 RIG 1999 |p 3832562 |r 2024-01-19 |w 2019-11-20 |y BK |k MEC | ||
| 952 | |0 0 |1 0 |4 0 |6 628_300000000000000_RIG_1999 |7 0 |8 A |9 336192 |a BIBMEC |b BIBMEC |d 2019-11-20 |i 3941647 |o 628.3 RIG 1999 |p 3941647 |r 2024-01-19 |w 2019-11-20 |y BK |k MEC | ||